000
00228nam a2200097Ia 4500
001
788032
005
20250826170351.0
008
250824s9999 xx 000 0 und d
245
0
_a
YÜZYÜZ
_c
LEO LİONNİ
260
_b
ELMA YAYINLARI
999
_c
788032
_d
788032